Machine Learning for Multimedia Content Analysis

Gespeichert in:
Bibliographische Detailangaben
Hauptverfasser: Gong, Yihong (Verfasst von), Xu, Wei (Verfasst von)
Format: Buch
Sprache:Englisch
Veröffentlicht: New York : Springer Science+Business Media B.V., 2007
Schlagworte:
Tags: Tag hinzufügen
Keine Tags, Fügen Sie das erste Tag hinzu!

MARC

LEADER 00000nam a22000003a 4500
001 stu155093
005 20190206105102.8
008 080116s2007----xxu-----------------eng-d
020 |a 978-0-387-69938-7 
040 |a STU  |b slo 
041 0 |a eng 
044 |a xxu 
080 |a 004.85 
100 1 |a Gong, Yihong  |4 aut 
245 1 |a Machine Learning for Multimedia Content Analysis 
260 |a New York :  |b Springer Science+Business Media B.V.,  |c 2007 
300 |a 277 s 
650 7 |a strojové učenie  |2 stusub 
700 1 |a Xu, Wei  |4 aut 
996 |b 284EK87114  |c E*87114  |l EE16  |s P  |a 0  |w stu155093_0001